| 000 | 00716nam a2200205 i 4500 | ||
|---|---|---|---|
| 001 | 62932 | ||
| 003 | ES-MaACL | ||
| 005 | 20231229063016.0 | ||
| 007 | t| | ||
| 008 | 031126s1972 sp ||||1| spa d | ||
| 100 | 1 |
_aFernández Cuenca, Carlos, _d1904-1977 _949611 |
|
| 245 | 1 | 3 |
_aLa guerra de España y el cine / _cCarlos Fernández Cuenca. |
| 260 |
_aMadrid : _bEditora Nacional, _c[1972] |
||
| 300 |
_a1 t. en 2 v. (XXXI, 534 p.; 335-1094 p., 16 lám.) : _bil. ; _c22 cm. |
||
| 490 | 1 | _aEspaña en 3 tiempos | |
| 651 | 4 |
_aEspaña- _xHistoria- _y1936-1939, Guerra civil- _xCine y guerra. _98301 |
|
| 830 | 1 |
_aEspaña en 3 tiempos _9183225 |
|
| 852 |
_aES-MaACL _jC-42929-30 |
||
| 999 |
_c62932 _d62932 |
||